000 00854nas a2200301 4500
001 BR2012007512
003 BR-BrBNA
005 20231205121309.0
007 ta
008 230509b bl.|||p| |||| 00| 00por d
040 _aBR-BrBNA
_bpor
_cBiblioteca Nacional de Agricultura
041 _a(Pt)
072 _aL74
100 1 _aSilva, T.O.B. da
100 1 _aMuniz, I.M.
100 1 _aBóbany, D. de M.
100 1 _aCarvalho, R.M.m.
100 1 _aCastro, J.C. de O.
245 1 _aSíndrome do cão nadador: descrição de caso
650 _aCÃO
650 _aDISTÚRBIO METABÓLICO
650 _aHIPOPLASIA
650 _aDIAGNÓSTICO
650 _aMEDICAMENTO
773 0 _tRevista CFMV (Brazil)
_xISSN 1517-6959
_g(May-Aug 2012), v. 18(56) p. 43-47
_wBR2012007512
909 _a202311
_bLúcia
_c55
_dLúcia Elande
942 _2AGRIS
_n0
_cANA
999 _c222811
_d222811